| 000 | 01115cam a2200217 4500 | ||
|---|---|---|---|
| 001 | WB3645-26 | ||
| 008 | 000000n2000 000 0 eng u | ||
| 035 | _a(Sirsi) u109354 | ||
| 245 | _aEstate agent | ||
| 260 | _c2000 | ||
| 490 |
_aEstates Gazette Case Summaries _v[2000] EGCS 121 (11/11/00) |
||
| 520 | _aCentral London County Court 28 September 2000. "Lady Manor Ltd v Fat Cat Cafe Bars". Claimant estate agent sent details of a property, before it went on the general market, to the defendant. The letter stated that fees would become payable if the introduction led to a successful transaction. The defendant bought the property through the vendor's retained agent, and the claimant brought a claim to recover commission fees. The main issue was whether the claimant and defendant had an agreement that the defendant would pay claimant's commission."Held", claim dismissed. | ||
| 590 | _aWB | ||
| 650 | _aLADY MANOR LTD V FAT CAT CAFE BARS | ||
| 650 | _aCOMMISSION | ||
| 650 | _aESTATE AGENTS | ||
| 650 | _aFEES | ||
| 650 | _aAGREEMENTS | ||
| 690 | _aPROPERTY AND LAND LAW-CASE LAW | ||
| 942 | _n0 | ||
| 999 |
_c65273 _d65273 |
||